000
00230nam a22001097a 4500
003
OSt
008
250214b |||||||| |||| 00| 0 eng d
041
_a
eng
100
_a
Sharma
_9
4656
245
_a
Ground Water Recharge
942
_c
BK
999
_c
19381
_d
19381